000 00667nam a2200289Ia 4500
005 20260324134458.0
008 008 260324s9999 xx 000 0 eng d
020 _a9781315012094
037 _aEBOOK
040 _aCRL
040 _beng
040 _cCRL
041 _2eng
041 _aeng
084 _qCRL
100 _aRalph T.H. Griffith
_91196966
245 4 _aThe Birth of the War-God
245 2 _bA Poem by Kalidasa
260 _bTaylor and Francis
260 _c2001
365 _a
365 _b205
856 _uhttp://www.taylorfrancis.com/books/9781315012094
942 _cEBOOK
999 _c1797114
_d1797114